| 000 | 00795cam a22002054a 4500 | ||
|---|---|---|---|
| 999 |
_c8376 _d8376 |
||
| 020 | _a9780132555524 | ||
| 020 | _a0132555522 | ||
| 050 | 0 | 0 |
_aHB615 _b.B27 |
| 100 | 1 | _aBarringer, Bruce R. | |
| 245 | 1 | 0 |
_aEntrepreneurship : _bsuccessfully launching new ventures / _cBruce R. Barringer, R. Duane Ireland. |
| 250 | _a4th ed. | ||
| 260 |
_aBoston : _bPearson/Prentice Hall, _cc2012. |
||
| 300 |
_axxv, 563 p. : _bcol. ill. ; _c29 cm. |
||
| 500 | _aIncludes index | ||
| 505 | _aPart 1. Decision to become an entrepreneur Part 2. Developing successful business ideas Part 3. Moving from an idea to an entrepreneurial firm Part 4. Managing and growing an entrepreneurial firm | ||
| 650 | 0 | _aEntrepreneurship. | |
| 650 | 0 | _aNew business enterprises. | |
| 700 | 1 | _aIreland, R. Duane. | |
| 942 | _cBK | ||